| 000 | 01355nam a2200361 a 4500 | ||
|---|---|---|---|
| 001 | 000114741 | ||
| 003 | CHAP | ||
| 005 | 20220329144455.0 | ||
| 008 | 180404s2018 mx sm |||||||spa d | ||
| 010 | _a111202 | ||
| 011 | _a112174 | ||
| 040 | _cCHAP | ||
| 090 | _aTesis | ||
| 100 | 1 |
_aAnda Marín, Luis Enrique de _9135022 |
|
| 245 | 1 | 0 |
_aDespuntes tempranos de tres cultivares de jitomate a diferentes densidades de población, en condiciones de hidroponía e invernadero _h[En línea] _cpor Luis Enrique de Anda Marín. |
| 260 |
_aChapingo, Méx. : _bEl autor, _c2018. |
||
| 500 | _aPara ver el contenido del material haga clic en la liga | ||
| 502 | _aTesis (Agrónomo en Horticultura Protegida) -- UACH. Departamento de Fitotecnia | ||
| 590 |
_aBATCH _b00 _c20181121 _lUCH01 _h0758 |
||
| 590 |
_aE11695DGD _b11 _c20180406 _lUCH01 _h1003 |
||
| 590 |
_aE6339RRR _b05 _c20180404 _lUCH01 _h0909 |
||
| 590 |
_aE6339RRR _b05 _c20180404 _lUCH01 _h0909 |
||
| 590 |
_aE6339RRR _b05 _c20180404 _lUCH01 _h0910 |
||
| 650 | 1 | 4 |
_aTomate _xCultivos en invernadero. _9113704 |
| 650 | 1 | 4 |
_aTomate _xDensidad de siembra. _9132811 |
| 650 | 1 | 4 |
_aTomate _xPoda. _9113750 |
| 650 | 1 | 4 |
_aTomate _xRendimiento. _9113761 |
| 856 |
_a1 _n0000353 |
||
| 856 |
_aFinding aid _uhttp://10.13.5.2/tesis/sis114741.pdf _zTeclea aquí |
||
| 901 | _aBK | ||
| 942 | _cLIBRO | ||
| 942 | _n0 | ||
| 999 |
_c111202 _d111202 |
||